Optimalizácia neproporcionálneho zaistenia diplomová práca

Salvato in:
Dettagli Bibliografici
Autore principale: Bendík, Michal
Ente Autore: Fakulta hospodárskej informatiky EU. Katedra matematiky a aktuárstva
Altri autori: Slaninka, František, 1973-
Natura: Libro
Lingua:slovacco
Pubblicazione: Bratislava 2024
Tags: Aggiungi Tag
Nessun Tag, puoi essere il primo ad aggiungerne!!

MARC

LEADER 00000nbm a2200000 4500
001 0301164
005 20260126133409.5
041 0 |a slo 
044 |a SK 
245 1 0 |a Optimalizácia neproporcionálneho zaistenia  |b diplomová práca  |c Michal Bendík ; školiteľ: František Slaninka 
264 1 |a Bratislava  |c 2024 
300 |a 65 s. 
100 1 |a Bendík, Michal 
700 1 |a Slaninka, František, 1973- 
710 2 |a Fakulta hospodárskej informatiky EU. Katedra matematiky a aktuárstva